Welcome to CU Library Online Public Access Catalogue (OPAC)

Cases and materials on EC competition law / (Record no. 9227)

MARC details
000 -LEADER
fixed length control field 00958cam a2200229 a 4500
001 - CONTROL NUMBER
control field 13076051
005 - DATE AND TIME OF LATEST TRANSACTION
control field 20260416123357.0
008 - FIXED-LENGTH DATA ELEMENTS--GENERAL INFORMATION
fixed length control field 030131s2001 enk 000 0 eng
020 ## - INTERNATIONAL STANDARD BOOK NUMBER
International Standard Book Number 1841133000
Qualifying information pbk. : alk. paper
020 ## - INTERNATIONAL STANDARD BOOK NUMBER
International Standard Book Number 9780421547001
Qualifying information (pbk. : alk. paper)
050 00 - LIBRARY OF CONGRESS CALL NUMBER
Classification number KJE6456
Item number .K668 1996
082 00 - DEWEY DECIMAL CLASSIFICATION NUMBER
Classification number 343.24/0721
Edition information 22
100 1# - MAIN ENTRY--PERSONAL NAME
Personal name Korah, Valentine.
245 10 - TITLE STATEMENT
Title Cases and materials on EC competition law /
Statement of responsibility, etc. Valentine Korah.
260 ## - PUBLICATION, DISTRIBUTION, ETC.
Place of publication, distribution, etc. Oxford ;
-- Portland, Or. :
Name of publisher, distributor, etc. sweet and maxwell
Date of publication, distribution, etc. c1996
300 ## - PHYSICAL DESCRIPTION
Extent xxxvi 627 p,
Dimensions 24 cm.
650 #0 - SUBJECT ADDED ENTRY--TOPICAL TERM
Topical term or geographic name entry element Antitrust law
Geographic subdivision European Union countries.
650 #0 - SUBJECT ADDED ENTRY--TOPICAL TERM
Topical term or geographic name entry element Competition, Unfair
Geographic subdivision European Union countries.
650 #0 - SUBJECT ADDED ENTRY--TOPICAL TERM
Topical term or geographic name entry element Restraint of trade
Geographic subdivision European Union countries.
700 ## - ADDED ENTRY--PERSONAL NAME
Personal name Varentine Korah
Titles and other words associated with a name professor Emeritus of competition law, University college of london, visiting professor , fordham law school, college of europe, bruges and university of lund. Barrister
Relator term Author
942 ## - ADDED ENTRY ELEMENTS (KOHA)
Source of classification or shelving scheme Library of Congress Classification
Koha item type Books
Suppress in OPAC No
999 ## -
-- 9227
-- 9227
Holdings
Withdrawn status Lost status Source of classification or shelving scheme Damaged status Not for loan Collection Home library Current library Shelving location Date acquired Total checkouts Full call number Barcode Date last seen Price effective from Koha item type
    Library of Congress Classification     Non-fiction Law Library (Kumasi) Law Library (Kumasi) General stacks 04/16/2026   KJE645.K668 KOR llk00000161 04/16/2026 04/16/2026 Books
© 2023-2024 Copyright: Central University Libraries. All Rights Reserved | Created by: Mahone Tech Office